=LDR 00000nam 2200000 4500 =001 INLIS000000001052280 =005 20240822075108 =035 ##$$a 0010-0824000098 =007 ta =008 240822###########################0###### =020 ##$$a 978-89-6329-590-9 =082 ##$$a 028.55 =084 ##$$a 028.55 HEE w =100 #$$a Heejeong Yoon =245 1#$$a Wahana hiburan /$c Heejeong Yoon; ilustrator, Jaehoon Choi =260 ##$$a Gyeonggi-do :$b Korea Tolstoi,$c 2008 =300 ##$$a 31 hlm. : $b ilus. ; $c 26 cm =650 #4$$a Bacaan kanak-kanak =700 #$$a Jaehoon Choi (ilustrator) =990 ##$$a 3202401661 =990 ##$$a 3202401661